| 000 | 00426cam a2200157ua 4500 | ||
|---|---|---|---|
| 041 |
_aeng _h |
||
| 082 |
_a338.9 _bHIG/EC |
||
| 100 | _aHiggins, Benjamin . | ||
| 245 |
_aEconomic development : Principles, problems and policies / _cBenjamin Higgins. _hTextual Documents |
||
| 250 |
_a1 / _b. |
||
| 260 |
_aNewyork : _bW.W Norton & co. INC , _c1959. |
||
| 300 | _a803 ; . | ||
| 504 | _a | ||
| 942 | _cBK | ||
| 999 |
_c2111 _d2111 |
||